Geomarketing in Food Retail

Saved in:
Bibliographic Details
Main Author: Kita, Pavol
Other Authors: Kollár, Patrícia, Szarková, Miroslava, 1951-, Malinowska, Mirosława
Format: Book
Language:English
Published: Kraków Towarzystwo Slowaków w Polsce 2018
Edition:1st edition
Subjects:
Tags: Add Tag
No Tags, Be the first to tag this record!

MARC

LEADER 00000nam a2200000 4500
001 0241862
005 20251210131715.7
020 |a 978-83-8111-048-8 
041 0 |a eng 
044 |a PL 
245 1 0 |a Geomarketing in Food Retail  |c Pavol Kita, Patrícia Kollár ; reviewers: Miroslava Szarková, Mirosława Malinowska 
250 |a 1st edition 
264 1 |a Kraków  |b Towarzystwo Slowaków w Polsce  |c 2018 
300 |a 133 s. [6,65 AH] 
610 2 0 |a marketing územia 
610 2 0 |a geomarketing 
610 2 0 |a predaj 
610 2 0 |a maloobchod 
610 2 0 |a potraviny 
610 2 0 |a spotreba 
610 2 0 |a segmentácia trhu 
610 2 0 |a správanie spotrebiteľa 
610 2 0 |a supermarkety 
610 2 0 |a Slovensko 
100 1 |a Kita, Pavol 
700 1 |a Kollár, Patrícia 
700 1 |a Szarková, Miroslava, 1951- 
700 1 |a Malinowska, Mirosława